Statistiche per Primi 15 paesi interessati da Covid-19 - 16 maggio

Clicka qui per fare il quiz!

Statistiche generali

  • Questo quiz è stato fatto 3 volte
  • Il punteggio medio è 16 su 24

Statistiche sulle risposte

nazione% Corretto
Brasile
100%
Canada
100%
Cina
100%
Francia
100%
Germania
100%
India
100%
Iran
100%
Italia
100%
Regno Unito
100%
Russia
100%
Spagna
100%
Stati Uniti
100%
Svezia
100%
Belgio
67%
Portogallo
67%
Svizzera
67%
Irlanda
33%
Singapore
33%
Bahrain
0%
Bielorussia
0%
Kuwait
0%
Perù
0%
Qatar
0%
Turchia
0%

Distribuzione punteggi

Percentile per numero di risposta

Percentuale di utenti per punteggio

I tuoi punteggi nel tempo

Non hai fatto questo quiz